000 00531nam a22001937a 4500
003 BUBTL
008 161227b xxu||||| |||| 00| 0 eng d
020 _a81-901033-0-X
082 _a677.0287KOT
100 _9999
_aKothari,V.K.
245 _aTesting & Quality Management
260 _aNew Delhi
_bIAFL Publications
_cc1999
300 _a[vii],543p.
_bills.
_c22cm.
650 0 _91001
_aTextile Engineering
700 _91000
_aKothari,V.K.
856 _k0
_l0
_yDownload
942 _2ddc
_cBK
999 _c5409
_d5409